| 000 | 00824cam a2200229 4500 | ||
|---|---|---|---|
| 001 | WB3606-39 | ||
| 008 | 000000n2000 000 0 eng u | ||
| 035 | _a(Sirsi) u104117 | ||
| 245 | _aBankers sound alarm | ||
| 260 | _c2000 | ||
| 490 |
_aEstates Gazette _v(0005) 5 February 2000, 49(1) |
||
| 520 | _aThe Association of Property Bankers has warned that lenders should not accept valuations from a borrower's surveyor: it urges them to follow recommendations in the RICS Red Book, and appoint an independent surveyor. | ||
| 590 | _aWB | ||
| 650 | _aVALUATIONS | ||
| 650 | _aINDEPENDENT SURVEYORS | ||
| 650 | _aASSOCIATION OF PROPERTY BANKERS | ||
| 650 | _aLENDERS | ||
| 650 | _aRICS APPRAISAL AND VALUATION MANUAL | ||
| 650 | _aBORROWERS | ||
| 690 | _aPROPERTY-PROPERTY APPRAISAL AND VALUATION | ||
| 942 | _n0 | ||
| 999 |
_c62492 _d62492 |
||